Co−protected amino acid complexes covalently grafted onto solid supports − syntheses, structural characterization and testing of catalytic activity

Elmentve itt :
Bibliográfiai részletek
Szerzők: Csendes Zita
Elek Gábor
Zahorán Kitti
Gyuris Kitti
Varga Gábor
Kiss T. János
Pálinkó István
Dokumentumtípus: Könyv része
Megjelent: Polish Zeolite Association [Polskie Towarzystwo Zeolitowe] Kraków 2010
Sorozat:Proceedings of the 10th Pannonian International Symposium on Catalysis (eds. M. Derewiński - B. Sulikowski - A. Węgrzynowicz). Kraków, 29 August - 2 September 2010
mtmt:1356002
Online Access:http://publicatio.bibl.u-szeged.hu/2042
LEADER 01080naa a2200241 i 4500
001 publ2042
005 20180613105923.0
008 130123s2010 hu o 0|| zxx d
024 7 |a 1356002  |2 mtmt 
040 |a SZTE Publicatio Repozitórium  |b hun 
041 |a zxx 
100 1 |a Csendes Zita 
245 1 0 |a Co−protected amino acid complexes covalently grafted onto solid supports − syntheses, structural characterization and testing of catalytic activity  |h [elektronikus dokumentum] /  |c  Csendes Zita 
260 |a Polish Zeolite Association [Polskie Towarzystwo Zeolitowe]  |b Kraków  |c 2010 
300 |a 37-44 
490 0 |a Proceedings of the 10th Pannonian International Symposium on Catalysis (eds. M. Derewiński - B. Sulikowski - A. Węgrzynowicz). Kraków, 29 August - 2 September 2010 
700 0 1 |a Elek Gábor  |e aut 
700 0 1 |a Zahorán Kitti  |e aut 
700 0 1 |a Gyuris Kitti  |e aut 
700 0 1 |a Varga Gábor  |e aut 
700 0 1 |a Kiss T. János  |e aut 
700 0 1 |a Pálinkó István  |e aut 
856 4 0 |u http://publicatio.bibl.u-szeged.hu/2042/1/PAN10%282010%2937.pdf  |z Dokumentum-elérés